00666nam a2200205Ia 4500003000400000005001700004008004100021040000700062041000800069082001900077100003700096245005300133260003600186300001200222365001400234906005200248942001200300999001900312952012900331OSt20230327142741.0210423s2000 xx 000 0 und d cAL aeng a543 223bFIFF aFIFIELD (F W);KEALEY (D).978431 aPrinciples and practice of analytical chemistry. aLondonbBlackwell Sciencec2000 axiv,562 b3840cINR aanalytical ; chemistry. ; practice ; Principles 2ddccBK c154174d154174 001040708ACaSACPGbSACPGd2009-01-03eAthulya Booksg3840.00l0o543 FIFFpPG000641r2022-08-24 00:00:00w2021-04-26yBK